| 000 | 007700000a22001930004500 | ||
|---|---|---|---|
| 041 | 0 | _aSPA | |
| 082 | 0 | 4 | _aG 176 G9437m |
| 100 | 1 | _aGuerrero González, Pedro (1937-) | |
| 245 | 1 | 0 | _aMiedo al sexo / Pedro Guerrero |
| 260 | _aBogotá, Colombia : Canal Ramírez-Antares | ||
| 300 | _a137 Pag. | ||
| 505 | 0 | 0 | _ael miedo sexual -- introducción -- influencia de la cultura en el comportamiento sexual -- vejez, sexo y cultura -- tratamiento penal de algunas conductas sexuales -- maría o el erotismo romántico -- aspectos eróticos de la obra de Gabriel García Márquez |
| 650 | 1 | 4 | _aSEXO (PSICOLOGIA) \ ETICA SEXUAL |
| 001 | 1318 | ||
| 942 | _cBK | ||
| 999 |
_c32641 _d32641 |
||
| 336 |
_atexto _btxt _2rdacontent |
||
| 337 |
_2rdamedia _asin mediación _bn |
||
| 338 |
_2rdacarrier _avolumen _bnc |
||